| 000 | 00544nam a2200205Ia 4500 | ||
|---|---|---|---|
| 003 | GCL | ||
| 008 | 140319s9999 xx 000 0 eng d | ||
| 040 |
_aGCL / _cGCL |
||
| 082 | 0 | 4 |
_a616,12 _bC C |
| 100 | 1 | _aCHEITLIN, MELVIR D. | |
| 245 | 1 | 0 |
_aCLINICAL CARDIOLOGY / _cCHEITLIN, MELVIR D. |
| 700 | 1 | _aSOKOLOW, MAURICE | |
| 700 | 1 | _aMCILROY, MALCOLM B. | |
| 260 |
_a[S.N] : _bLIBRAIRIE DU LIBAN ، _c1993 |
||
| 300 | _a741 P | ||
| 490 |
_aA LANGE MEDICAL BOOK _v0 |
||
| 650 | 0 | 4 | _aCARDIOLOGY |
| 650 | 0 | 4 | _aHEART DISEASES |
| 942 |
_2ddc _cBK |
||
| 999 |
_c19866 _d19866 |
||